000 00815nam a2200253 4500
001 17124
003 HDC
007 cr bn ---aaaaa
008 210223c mydr|noo 0 a may d
040 _aHDC
100 _aAzran Jaffar
_eauthor
_99454
245 0 _aKambing:
_bBaka kacukan kalis penyakit /
_cby Azran Jaffar
260 _aMalaysia:
_bBerita Harian,
_c2003
336 _atext
_2rdacontent
337 _acomputer
_2rdamedia
338 _aonline resource
_2rdacarrier
650 _aimport product
_915271
650 _alivestock
_92405
710 _aBerita Harian
856 _zRequest full-text at [email protected]
942 _2lcc
942 _cNEWS
942 _kNSWO 008555
999 _c14440
_d14440